=LDR 00000nam 2200000 4500 =001 INLIS000000000046745 =005 20150504111032.0 =006 =007 =008 =035 ##$$0010-051500000000004 =082 ##$$a 267.5 =090 ##$$a 267.5 war o.5 =100 ##$$a warno hamid =245 ##$$a orang orang alim dlm l[ntasan cerita =260 ##$$a insan cendekia =300 ##$$a hln. 102 =850 ##$$a NPBMAT =990 ##$$a 0001/BPAP-NTB/20142015